ē-Konjugation: Verba deponentia - Statistiken

Allgemein
  • Dieses Quiz wurde 10 mal gespielt
  • Das Durchschnittsergebnis liegt bei 46 aus 68
Antwortstatistiken
Group Hint Antwort % Korrekt
Infinitive Inf. Präs. Akt. verērī
100%
Präsens 2. Pl. Präs. Konj. Akt. vereāminī
89%
Präsens 1. Pl. Präs. Konj. Akt. vereāmur
89%
Präsens 3. Pl. Präs. Konj. Akt. vereantur
89%
Präsens 1. Sg. Präs. Konj. Akt. verear
89%
Präsens 2. Sg. Präs. Konj. Akt. vereāris
89%
Präsens 3. Sg. Präs. Konj. Akt. vereātur
89%
Imperfekt 2. Pl. Impf. Ind. Akt. verēbāminī
89%
Imperfekt 1. Pl. Impf. Ind. Akt. verēbāmur
89%
Imperfekt 3. Pl. Impf. Ind. Akt. verēbantur
89%
Imperfekt 1. Sg. Impf. Ind. Akt. verēbar
89%
Imperfekt 2. Sg. Impf. Ind. Akt. verēbāris
89%
Imperfekt 3. Sg. Impf. Ind. Akt. verēbātur
89%
Präsens 2. Pl. verēminī
89%
Imperative Imp. Pl. Präs. Akt. verēminī
89%
Präsens 1. Pl. verēmur
89%
Präsens 3. Pl. verentur
89%
Präsens 1. Sg. vereor
89%
Imperative Imp. Sg. Präs. Akt. verēre
89%
Imperfekt 2. Pl. Impf. Konj. Akt. verērēminī
89%
Imperfekt 1. Pl. Impf. Konj. Akt. verērēmur
89%
Imperfekt 3. Pl. Impf. Konj. Akt. verērentur
89%
Imperfekt 1. Sg. Impf. Konj. Akt. verērer
89%
Imperfekt 2. Sg. Impf. Konj. Akt. verērēris
89%
Imperfekt 3. Sg. Impf. Konj. Akt. verērētur
89%
Präsens 2. Sg. verēris
89%
Präsens 3. Sg. verētur
89%
Futur I 2. Sg. Fut. Ind. Akt. verēberis
67%
Futur I 2. Pl. Fut. Ind. Akt. verēbiminī
67%
Futur I 1. Pl. Fut. Ind. Akt. verēbimur
67%
Futur I 3. Sg. Fut. Ind. Akt. verēbitur
67%
Futur I 1. Sg. Fut. Ind. Akt. verēbor
67%
Futur I 3. Pl. Fut. Ind. Akt. verēbuntur
67%
Partizipien Partizip Präsens Aktiv verēns
56%
Plusquamperfekt 1. Pl. PQP Ind. Akt. verĭtī, -ae, -a erāmus
56%
Plusquamperfekt 3. Pl. PQP Ind. Akt. verĭtī, -ae, -a erant
56%
Plusquamperfekt 2. Pl. PQP Ind. Akt. verĭtī, -ae, -a erātis
56%
Plusquamperfekt 1. Pl. PQP Konj. Akt. verĭtī, -ae, -a essēmus
56%
Perfekt 2. Pl. Perf. Ind. Akt. verĭtī, -ae, -a estis
56%
Perfekt 1. Pl. Perf. Konj. Akt. verĭtī, -ae, -a sīmus
56%
Perfekt 3. Pl. Perf. Konj. Akt. verĭtī, -ae, -a sint
56%
Perfekt 2. Pl. Perf. Konj. Akt. verĭtī, -ae, -a sītis
56%
Perfekt 1. Pl. Perf. Ind. Akt. verĭtī, -ae, -a sumus
56%
Perfekt 3. Pl. Perf. Ind. Akt. verĭtī, -ae, -a sunt
56%
Plusquamperfekt 1. Sg. PQP Ind. Akt. verĭtus, -a, -um eram
56%
Plusquamperfekt 2. Sg. PQP Ind. Akt. verĭtus, -a, -um erās
56%
Plusquamperfekt 3. Sg. PQP Ind. Akt. verĭtus, -a, -um erat
56%
Perfekt 2. Sg. Perf. Ind. Akt. verĭtus, -a, -um es
56%
Plusquamperfekt 1. Sg. PQP Konj. Akt. verĭtus, -a, -um essem
56%
Plusquamperfekt 2. Sg. PQP Konj. Akt. verĭtus, -a, -um essēs
56%
Plusquamperfekt 3. Sg. PQP Konj. Akt. verĭtus, -a, -um esset
56%
Perfekt 3. Sg. Perf. Ind. Akt. verĭtus, -a, -um est
56%
Perfekt 1. Sg. Perf. Konj. Akt. verĭtus, -a, -um sim
56%
Perfekt 2. Sg. Perf. Konj. Akt. verĭtus, -a, -um sīs
56%
Perfekt 3. Sg. Perf. Konj. Akt. verĭtus, -a, -um sit
56%
Perfekt 1. Sg. Perf. Ind. Akt. verĭtus, -a, -um sum
56%
Futur II 3. Sg. Fut. II Akt. verĭtus, -a, -um erit
44%
Futur II 1. Pl. Fut. II Akt. verĭtī, -ae, -a erimus
44%
Futur II 2. Pl. Fut. II Akt. verĭtī, -ae, -a eritis
44%
Futur II 3. Pl. Fut. II Akt. verĭtī, -ae, -a erunt
44%
Plusquamperfekt 3. Pl. PQP Konj. Akt. verĭtī, -ae, -a essent
44%
Plusquamperfekt 2. Pl. PQP Konj. Akt. verĭtī, -ae, -a essētis
44%
Infinitive Inf. Perf. Akt. verĭtum, -am, -um esse
44%
Infinitive Inf. Fut. Akt. veritūrum, -am, -um esse
44%
Partizipien Partizip Futur Aktiv veritūrus, -a, -um
44%
Partizipien Partizip Perfekt (Dep.) verĭtus, -a, -um
44%
Futur II 2. Sg. Fut. II Akt. verĭtus, -a, -um eris
44%
Futur II 1. Sg. Fut. II Akt. verĭtus, -a, -um erō
44%
Keine übereinstimmenden Quizze gefunden
Verteilung der Resultate
Anzahl Personen mit jedem Resultat
Perzentil nach korrekt beantworteten Fragen
Ihre Resultats-Entwicklung
Sie haben dieses Quiz noch nicht gespielt